Central Library OPAC University of Rajshahi

Nationalism in American thought, 1930-1945 / (Record no. 35881)

MARC details
000 -LEADER
fixed length control field 00860nam a2200265 4500
001 - CONTROL NUMBER
control field 35881
003 - CONTROL NUMBER IDENTIFIER
rucl marc code BD-RjUL
005 - DATE AND TIME OF LATEST TRANSACTION
control field 20211209052409.0
008 - FIXED-LENGTH DATA ELEMENTS--GENERAL INFORMATION
fixed length control field 140611s1973 1969 ilu b 001 0 eng
035 ## - SYSTEM CONTROL NUMBER
System control number (BD-RjUL)35977
040 ## - CATALOGING SOURCE
Original cataloging agency DLC
Transcribing agency DLC
Modifying agency DLC
Language of cataloging eng
041 ## - LANGUAGE CODE
Language code of text/sound track or separate title eng
082 00 - DEWEY DECIMAL CLASSIFICATION NUMBER
Classification number 917.30391
Author mark and year ALN 1973
100 1# - MAIN ENTRY--PERSONAL NAME
Personal name Alexander, Charles C.
9 (RLIN) 109270
245 10 - TITLE STATEMENT
Title Nationalism in American thought, 1930-1945 /
Statement of responsibility, etc. Charles C. Alexander.
260 ## - PUBLICATION, DISTRIBUTION, ETC. (IMPRINT)
Place of publication, distribution, etc. Chicago :
Name of publisher, distributor, etc. Rand McNally ;
Date of publication, distribution, etc. 1969 [Reprinted 1973]
300 ## - PHYSICAL DESCRIPTION
Pagination xiii, 272 p. ;
Size 21 cm.
490 0# - SERIES STATEMENT
Series statement The Rand McNally series on the history of American thought and culture
504 ## - BIBLIOGRAPHY, ETC. NOTE
Bibliography, etc Bibliography: p. 231-255.
650 #0 - SUBJECT ADDED ENTRY--TOPICAL TERM
Topical term or geographic name as entry element Nationalism
Geographic subdivision United States.
9 (RLIN) 91214
651 #0 - SUBJECT ADDED ENTRY--GEOGRAPHIC NAME
Geographic name United States
General subdivision Civilization
Chronological subdivision 1918-1945.
9 (RLIN) 109271
942 ## - ADDED ENTRY ELEMENTS (KOHA)
Source of classification or shelving scheme Dewey Decimal Classification
Koha item type Books
Holdings
Lost status Source of classification or shelving scheme Damaged status Not for loan Collection code Permanent Location Current Location Shelving location Date acquired Source of acquisition Total Checkouts Full call number Date last seen Copy number Koha item type
  Dewey Decimal Classification   Not For Loan Non-fiction Central Library, University of Rajshahi Central Library, University of Rajshahi Reading Room 25/07/1977 ASIA FONDATION   320.45 ALN 1973 11/06/2014 C-1 Books